000
00351nam a2200121Ia 4500
008
231129s9999||||xx |||||||||||||| ||spa||
020
_a
958-653-031-0
040
_b
spa
082
_a
306 / C967
245
0
_a
Cultura organizacional: aspectos teoricos practicos y metodologicos
264
_a
Legis
942
_2
ddc
_c
BKS
999
_c
8598
_d
8598